00581nam a22001697a 4500003000400000082001600004245008700020260006000107300001400167546001200181650003900193650001400232650002400246942001200270999001900282952011000301OSt a630bGOI/RE aReport of the national commission on agriculture 1976:bpart 2 policy and strategy aNew DelhibMinistry of Agriculture and Irrigationc1976 axii,386p. aEnglish aagriculture in ecnomic development aNutrition apolicy and strategy 2ddccBK c161228d161228 00102ddc40708GenaKAUCLVbKAUCLVcGENERALd2018-07-26l0o630 GOI/REp809557r2018-07-26 00:00:00yBK